Animal Species #14 - Statistics

General Stats
  • This quiz has been taken 35 times
  • The average score is 12 of 21
Answer Stats
Picture Answer % Correct
Masai {Giraffe}
96%
African {Wild} {Dog}
92%
European {Lobster}
92%
White {Stork}
92%
Wild Bactrian {Camel}
92%
House {Cricket}
77%
American {Bumblebee}
73%
{Chihuahua}
69%
Great {Blue}-{Ringed} Octopus
62%
{Golden} Toad
58%
{Grey} {Parrot}
58%
Silvery {Mole}-{Rat}
50%
Common {Shrew}
46%
{Bat}-{Eared} Fox
35%
Sydney {Huntsman} Spider
35%
{Amazon} {River} Dolphin
27%
{Great} {Horned} Owl
27%
Obtuse Star {Ammonite}
27%
Mahogany {Glider}
23%
{Virginia} Opossum
19%
Mwanza Flat-Headed Rock {Agama}
12%
No matching quizzes found
Score Distribution
Percent of People with Each Score
Percentile by Number Answered
Your Score History
You have not taken this quiz